VANITHA 2 - MALAYALAM - APRIL 1 - 14, 2018 (Record no. 4470)

MARC details
000 -LEADER
fixed length control field 00206nam a22000977a 4500
082 ## - DEWEY DECIMAL CLASSIFICATION NUMBER
Classification number 050
245 ## - TITLE STATEMENT
Title VANITHA 2 - MALAYALAM - APRIL 1 - 14, 2018
300 ## - PHYSICAL DESCRIPTION
Number of Pages 98P
490 ## - SERIES STATEMENT
Series statement APRIL 1 - 14, 2018
942 ## - ADDED ENTRY ELEMENTS (KOHA)
Koha item type Magazine
Holdings
Home library Current library Shelving location Date acquired Cost, normal purchase price Full call number Accession Number Koha item type
Beautiful Minds Library Beautiful Minds Library General Stacks 08/04/2018 30.00 050 VANITHA PMA0040 Magazine
analytics